Taylor Swift - Paroles Mean - Statistiques

Statistiques générales
  • Ce quiz a été pris 49 fois
  • Le résultat moyen est 363 sur 413
Statistiques - réponses
Hint Réponse % Correct
a
100%
all
100%
Build up All
100%
And
100%
and
100%
be
100%
big
100%
city
100%
ever
100%
gonna
100%
I
100%
I'll
100%
in
100%
is
100%
me
100%
mean
100%
mean?
100%
mean,
100%
mean?)
100%
old
100%
so
100%
Couplet 1 | Couplet 2 You,
100%
you
100%
You
100%
your
100%
livin'
97%
Someday,
97%
someday,
97%
with
97%
With
97%
you're
97%
But
94%
but
94%
can
94%
see
94%
the
94%
Why
94%
(Why
94%
(why
94%
can't
91%
Got
91%
got
91%
liar,
91%
like
91%
pathetic
91%
enough
88%
hit
88%
on
88%
that
88%
gotta
85%
words
85%
again
82%
are
82%
don't
82%
my
82%
when
82%
down
79%
just
79%
know
79%
life
79%
sing
79%
what
79%
yeah
79%
now
76%
one
76%
alone
73%
'cause
73%
'Cause
73%
feel
73%
football
73%
game
73%
listening
73%
single
73%
against
70%
already
70%
from
70%
I'm
70%
nobody's
70%
them
70%
weapons
70%
head
67%
if
67%
knives
67%
opinion,
67%
right
67%
use
67%
walk
67%
wanna
67%
around
64%
As
64%
ends
64%
humiliation
64%
never
64%
okay
64%
out
64%
over
64%
road
64%
take
64%
bar
61%
blow
61%
feet
61%
how
61%
loud
61%
made
61%
nothing
61%
pushed
61%
same
61%
Somebody
61%
talkin'
61%
about
58%
have
58%
man
58%
swords
58%
bet
55%
nails
55%
off
55%
things
55%
up
55%
voice
55%
weaker
55%
Pré-refrain Well,
55%
cycle
52%
feeling
52%
impress
52%
lead
52%
years
52%
flaws
48%
pointed
48%
bitter
45%
block
45%
Callin'
45%
cold
45%
knocked
45%
pickin'
45%
sides
45%
Drunk
42%
wounded
42%
switching
39%
chalkboard
33%
lies
33%
grumbling
30%
ranting
30%
Tryna
30%
Washed
27%
wildfire
24%
Aucun quiz correspondant
Distribution des résultats
% des personnes avec chaque résultat
Percentile par nombre de réponses
Votre historique - résultats
Vous n’avez pas pris ce quiz